Normal view
MARC view
- الدعوى المدنية -- قانون المرافعات -- الاردن
Entry Topical Term
001 - CONTROL NUMBER
- control field: 46877
003 - CONTROL NUMBER IDENTIFIER
- control field: JO-AjAnu
005 - DATE AND TIME OF LATEST TRANSACTION
- control field: 20230606081738.0
008 - FIXED-LENGTH DATA ELEMENTS
- fixed length control field: 230606|| aca||aabn | a|a d
040 ## - CATALOGING SOURCE
- Original cataloging agency: JO-AjAnu
- Transcribing agency: JO-AjAnu
150 ## - HEADING--TOPICAL TERM
- Topical term or geographic name entry element: الدعوى المدنية -- قانون المرافعات -- الاردن
670 ## - SOURCE DATA FOUND
- Source citation: Work cat.: (JO-AjAnu)23992: الزعبي، خالد يوسف الفندي, author 46876, الدعوى : أصول إجراءات المحاكمة والتقاضي أمام المحاكم النظامية من الناحية العملية والقانونية حسب قانون أصول المحاكمات المدنية الأردني